书目信息 |
| 题名: |
外国语言文化与翻译研究
|
|
| 作者: | 骆洪 , 徐志英 主编 | |
| 分册: | ||
| 出版信息: | 昆明 云南大学出版社 2018 |
|
| 页数: | 323页 | |
| 开本: | 24cm | |
| 丛书名: | ||
| 单 册: | ||
| 中图分类: | H0-05 , H059 | |
| 科图分类: | ||
| 主题词: | 文化语言学--wen hua yu yan xue--研究 , 翻译--fan yi--研究 | |
| 电子资源: | ||
| ISBN: | 978-7-5482-3574-3 | |
| 000 | 01029nam0 2200289 45 | |
| 001 | 012001006064 | |
| 005 | 20131015133638.0 | |
| 010 | @a978-7-5482-3574-3@dCNY66.00 | |
| 099 | @aCAL 012019061534 | |
| 100 | @a20190513d2018 ekmy0chiy50 ea | |
| 101 | 0 | @achi |
| 102 | @aCN@b530000 | |
| 105 | @ay a 000yy | |
| 106 | @ar | |
| 200 | 1 | @a外国语言文化与翻译研究@Awai guo yu yan wen hua yu fan yi yan jiu@f主编骆洪,徐志英 |
| 210 | @a昆明@c云南大学出版社@d2018 | |
| 215 | @a323页@d24cm | |
| 320 | @a有书目 | |
| 330 | @a本书是一部有关语言研究、外语教学研究、文化研究、翻译研究的论文集,汇集了云南大学外语学院英语、法语、日语、南亚语、东南亚语、德语等系室的学术力量编写而成。具有选题广泛,研究视角多样等特征,对相关领域研究有较大参考价值。 | |
| 606 | 0 | @a文化语言学@Awen hua yu yan xue@x研究 |
| 606 | 0 | @a翻译@Afan yi@x研究 |
| 690 | @aH0-05@v5 | |
| 690 | @aH059@v5 | |
| 701 | 0 | @a骆洪@Aluo hong@4主编 |
| 701 | 0 | @a徐志英@Axu zhi ying@4主编 |
| 801 | 0 | @aCN@b上海新华@c20191020 |
| 905 | @b1098640-4@dH0-05@e283@f5 | |
| 外国语言文化与翻译研究/主编骆洪,徐志英.-昆明:云南大学出版社,2018 |
| 323页;24cm |
| ISBN 978-7-5482-3574-3:CNY66.00 |
| 本书是一部有关语言研究、外语教学研究、文化研究、翻译研究的论文集,汇集了云南大学外语学院英语、法语、日语、南亚语、东南亚语、德语等系室的学术力量编写而成。具有选题广泛,研究视角多样等特征,对相关领域研究有较大参考价值。 |
| ● |
| 相关链接 |
|
|
|
|
正题名:外国语言文化与翻译研究
索取号:H0-05/283
 
预约/预借
| 序号 | 登录号 | 条形码 | 馆藏地/架位号 | 状态 | 备注 |
| 1 | 1098640 | 210986405 | 第二样本阅览室/ [索取号:H0-05/283] | 在馆 | |
| 2 | 1098641 | 210986414 | 第四借阅区/ [索取号:H0-05/283] | 在馆 | |
| 3 | 1098642 | 210986423 | 第四借阅区/ [索取号:H0-05/283] | 在馆 | |
| 4 | 1098643 | 210986432 | 第四借阅区/ [索取号:H0-05/283] | 在馆 | |
| 5 | 1098644 | 210986441 | 第四借阅区/ [索取号:H0-05/283] | 在馆 |